Statistics for Geographic North American Pro Sports Teams (NHL, NBA, MLB, NFL, and MLS)

Click here to take the quiz!

General Stats

  • This quiz has been taken 7,531 times
    (5,839 since last reset)
  • The average score is 44 of 65

Answer Stats

# of TeamsGeographic Name% Correct
8New York
98%
9Los Angeles
95%
6Chicago
90%
3Miami
90%
3Boston
89%
4Dallas
89%
4Houston
88%
3Seattle
87%
4Atlanta
82%
4Detroit
82%
4Toronto
82%
5Philadelphia
81%
2San Francisco
81%
2Denver
80%
5Minnesota
80%
4Washington
80%
3Cleveland
79%
3Tampa Bay
79%
3Pittsburgh
77%
1Vegas
76%
3Kansas City
75%
2New Orleans
75%
1Phoenix
74%
2Portland
74%
1Indiana
72%
1San Antonio
72%
3Arizona
71%
1San Diego
71%
2Baltimore
70%
2Buffalo
70%
2St Louis
70%
1Jacksonville
69%
2Vancouver
69%
1Green Bay
68%
2Orlando
68%
2Milwaukee
67%
2Montreal
67%
2Carolina
66%
1Charlotte
66%
2Cincinnati
66%
1Nashville
66%
2Oakland
66%
1New Jersey
64%
1Oklahoma City
64%
1Memphis
63%
3Colorado
62%
2New England
62%
1Florida
61%
1Sacramento
61%
1Texas
61%
1Calgary
60%
2Columbus
60%
1Edmonton
60%
1Indianapolis
60%
2San Jose
60%
1Utah
57%
1Ottawa
56%
1Tennessee
55%
1Winnipeg
54%
1Anaheim
48%
1Golden State
43%
1Salt Lake
43%
1Brooklyn
42%
1DC
26%
1New York City
8%

Score Distribution

Percentile by Number Answered

Percent of People with Each Score

Your Score History

You have not taken this quiz since the last reset